000 00426nam a2200169Ia 4500
008 230711s9999||||xx |||||||||||||| ||und||
020 _a978-81-219-2859-5
041 _aENG
082 _a629.89
_bRA-M
100 _aRajput,R.K
245 2 _aA Textbook of Mechatronics
250 _a4th Reprint Ed.
260 _c2021
_aNew Delhi
_bS.Chand & Company Ltd
300 _a792p.
650 _aMechanical Engineering
942 _cBK
999 _c6976
_d6976